000 01058nam a22003017a 4500
008 160125b xxu||||| |||| 00| 0 eng d
082 _a708
_bB412s
245 _aSomos Artistas Bolivianos : Arte Acción en Bolivia 1980-2014
_cElizabeth Torres
260 _aCochabamba, Bolivia:
_bCentro Pedagógico y Cultural Simón I. Patiño,
_c2014
300 _a143 p.
_bill. (col.)
_c21 cm.
650 _aArte
_zBolivia
_94561
650 _aArte Contemporáneo
_9977
650 _aArte
_xInvestigación
_94562
651 _aBolivia
_yS. 21
_94563
700 _aDorado Cámara, Alejandra
_c[Curadora]
_94564
700 _aRada, Douglas Rodrigo
_c[Curador]
_94565
700 _aBedoya, José
_94566
700 _aGaravito, Ramiro
_94567
700 _aValcárcel, Roberto
_94568
700 _aMateo, Sol
_94569
700 _aGalindo, Maria
_93335
700 _aHeckl, Angelika
_94570
700 _aSchwartz, Raquel
_93907
700 _aCarvalho, Valia
_94571
700 _aRivera Bluebox, Eduardo
_94572
700 _aAlvarado, Narda
_94573
700 _aCoca, Galo
_93904
999 _c835
_d835